Analysis of Steel Structures 5140 after Laser Treatment; IOP Conference Series: Materials Science and Engineering; Vol. 66: 20th International Conference for Students and Young Scientists: Modern Techniques and Technologies (MTT'2014), Tomsk, Russia, 14-18 April 2014

Dades bibliogràfiques
Parent link:IOP Conference Series: Materials Science and Engineering
Vol. 66: 20th International Conference for Students and Young Scientists: Modern Techniques and Technologies (MTT'2014), Tomsk, Russia, 14-18 April 2014.— 2014.— [012020, 5 p.]
Autor principal: Lobankova O. V. Olga Vladimirovna
Autor corporatiu: Национальный исследовательский Томский политехнический университет (ТПУ) Институт физики высоких технологий (ИФВТ) Кафедра материаловедения и технологии металлов (МТМ)
Altres autors: Zykov I. Yu. Iliya Yurievich, Melnikov A. G. Alexander Grigorievich
Sumari:Title screen
The main results of analysis of steel structure 5140 after laser treatment are presented. It is found that structural changes have occurred under the influence of heat radiation of the laser. This paper describes and demonstrates the changes. Method of studying the structure of steel, preparation of materials for the study and the method of laser processing are also described.
Режим доступа: по договору с организацией-держателем ресурса
Idioma:anglès
Publicat: 2014
Matèries:
Accés en línia:http://dx.doi.org/10.1088/1757-899X/66/1/012020
Format: MixedMaterials Electrònic Capítol de llibre
KOHA link:https://koha.lib.tpu.ru/cgi-bin/koha/opac-detail.pl?biblionumber=637854

MARC

LEADER 00000nla2a2200000 4500
001 637854
005 20240126154122.0
035 |a (RuTPU)RU\TPU\network\2034 
035 |a RU\TPU\network\2032 
090 |a 637854 
100 |a 20141029a2014 k y0engy50 ba 
101 0 |a eng 
102 |a GB 
105 |a a z 100zy 
135 |a drcn ---uucaa 
181 0 |a i  
182 0 |a b 
200 1 |a Analysis of Steel Structures 5140 after Laser Treatment  |f O. Lobankova, I. Zykov, A. G. Melnikov 
203 |a Text  |c electronic 
300 |a Title screen 
320 |a [References: 5 tit.] 
330 |a The main results of analysis of steel structure 5140 after laser treatment are presented. It is found that structural changes have occurred under the influence of heat radiation of the laser. This paper describes and demonstrates the changes. Method of studying the structure of steel, preparation of materials for the study and the method of laser processing are also described. 
333 |a Режим доступа: по договору с организацией-держателем ресурса 
461 0 |0 (RuTPU)RU\TPU\network\2008  |t IOP Conference Series: Materials Science and Engineering 
463 0 |0 (RuTPU)RU\TPU\network\2009  |t Vol. 66: 20th International Conference for Students and Young Scientists: Modern Techniques and Technologies (MTT'2014), Tomsk, Russia, 14-18 April 2014  |f National Research Tomsk Polytechnic University (TPU)  |v [012020, 5 p.]  |d 2014 
610 1 |a электронный ресурс 
610 1 |a труды учёных ТПУ 
610 1 |a лазерное облучение 
610 1 |a стали 
610 1 |a стальные конструкции 
700 1 |a Lobankova  |b O. V.  |c specialist in the field of lightning engineering  |c engineer of Tomsk Polytechnic University  |f 1990-  |g Olga Vladimirovna  |3 (RuTPU)RU\TPU\pers\34535  |9 17916 
701 1 |a Zykov  |b I. Yu.  |c specialist in the field of lighting engineering  |c Associate Professor of Tomsk Polytechnic University, candidate of physico-mathematical sciences  |f 1974-  |g Iliya Yurievich  |3 (RuTPU)RU\TPU\pers\34490  |9 17873 
701 1 |a Melnikov  |b A. G.  |c specialist in the field of material science  |c Associate Professor of Tomsk Polytechnic University, Candidate of technical sciences  |f 1954-  |g Alexander Grigorievich  |3 (RuTPU)RU\TPU\pers\32908  |9 16756 
712 0 2 |a Национальный исследовательский Томский политехнический университет (ТПУ)  |b Институт физики высоких технологий (ИФВТ)  |b Кафедра материаловедения и технологии металлов (МТМ)  |3 (RuTPU)RU\TPU\col\18689 
801 1 |a RU  |b 63413507  |c 20140916 
801 2 |a RU  |b 63413507  |c 20160526  |g RCR 
856 4 |u http://dx.doi.org/10.1088/1757-899X/66/1/012020 
942 |c CF